01159nam a2200289Ia 4500001001100000003000800011006001900019007001500038008004100053040002100094035002100115050002200136100001500158245010200173260008900275300001000364533015200374650003200526650002500558655002900583700002100612710005700633710002200690710001700712856012500729999001500854ebr5000564CaPaEBRm u cr cn|||||||||100921s2001 inu s 000 0 eng d aCaPaEBRcCaPaEBR a(OCoLC)68062918814aB440b.A75 2001eb0 aAristotle.10aPrior analyticsh[electronic resource] :b350 BC /cby Aristotle ; translated by A. J. Jenkinson. a[South Bend, IN] :bInfomotions, Inc. ;a[Blacksburg, VA] :bVirginia Tech.,cc2001. a76 p. aElectronic reproduction.bPalo Alto, Calif. :cebrary,d2010.nAvailable via World Wide Web.nAccess may be limited to ebrary affiliated libraries. 0aLogicvEarly works to 1800. 0aPhilosophy, Ancient. 7aElectronic books.2local1 aJenkinson, A. J.2 aVirginia Polytechnic Institute and State University.2 aInfomotions, Inc.2 aebrary, Inc.40uhttp://site.ebrary.com/lib/rucke/Doc?id=5000564zAn electronic book accessible through the World Wide Web; click to view c2879d2879